[Event "BL 8687 Enger-Bamberg"]
[Site "?"]
[Date "1987.??.??"]
[Round "?.3"]
[White "Ruehrig, V."]
[Black "Stertenbrink, G."]
[Result "1/2-1/2"]
[WhiteElo "2335"]
[BlackElo "2225"]
[PlyCount "96"]
[EventDate "1987.??.??"]

1. e4 c5 2. d3 Nc6 3. g3 d5 4. Nd2 Nf6 5. Bg2 g6 6. h3 Bg7 7. g4 dxe4 8. dxe4
O-O 9. Ne2 e5 10. O-O Be6 11. f4 exf4 12. Nxf4 Nd7 13. Nxe6 fxe6 14. Nc4 Nde5
15. Rxf8+ Qxf8 16. Nxe5 Bxe5 17. c3 Rd8 18. Qe2 Bf4 19. Bxf4 Qxf4 20. Rf1 Rd2
21. Qe1 Qd6 22. e5 Nxe5 23. Qg3 b6 24. h4 Rd1 25. Qf4 Rxf1+ 26. Bxf1 Nf7 27.
Qe4 Qg3+ 28. Bg2 Qxh4 29. Qxe6 Kg7 30. Bd5 Qg3+ 31. Kh1 Qh4+ 32. Kg2 Qf6 33.
Qd7 a5 34. Qc7 h5 35. Bxf7 Qxf7 36. Qxb6 Qd5+ 37. Kg3 Qe5+ 38. Kh3 Qe3+ 39. Kh4
Qf2+ 40. Kg5 Qe3+ 41. Kh4 Qf2+ 42. Kg5 Qe3+ 43. Kh4 Qe1+ 44. Kg5 Qe7+ 45. Kf4
Qf6+ 46. Qxf6+ Kxf6 47. gxh5 gxh5 48. b3 Ke6 1/2-1/2

[Event "BL 8687 Enger-Bamberg"]
[Site "?"]
[Date "1987.??.??"]
[Round "?.4"]
[White "Pieper Emden, C."]
[Black "Kestler, H."]
[Result "1/2-1/2"]
[WhiteElo "2335"]
[BlackElo "2390"]
[PlyCount "83"]
[EventDate "1987.??.??"]

1. c4 Nf6 2. Nc3 d6 3. g3 g6 4. Bg2 Bg7 5. e4 c5 6. Nge2 Nc6 7. O-O O-O 8. d3
Bd7 9. Rb1 Qc8 10. a3 Bh3 11. b4 Bxg2 12. Kxg2 b6 13. h3 Qd7 14. Qb3 Ne8 15.
Bb2 Nc7 16. Nd5 Nd4 17. Nxd4 cxd4 18. Nxc7 Qxc7 19. f3 e5 20. Bc1 Kh8 21. Bd2
f5 22. Qa4 a6 23. Qb3 Rfc8 24. Rbc1 Qf7 25. Qb1 Ra7 26. a4 Bf6 27. Rc2 Qd7 28.
Qa2 Bd8 29. Rfc1 Rac7 30. a5 bxa5 31. Qxa5 Rxc4 32. Rxc4 Rxc4 33. Qxa6 Rxc1 34.
Bxc1 Qc7 35. Qc4 Qxc4 36. dxc4 Kg7 37. Kf2 Kf6 38. Ke2 fxe4 39. fxe4 Ke6 40.
Kd3 Kd7 41. Bh6 Kc6 42. Bc1 1/2-1/2

[Event "BL 8687 Enger-Bamberg"]
[Site "?"]
[Date "1987.??.??"]
[Round "?.6"]
[White "Eising, J."]
[Black "Kurz, A."]
[Result "0-1"]
[WhiteElo "2355"]
[BlackElo "2290"]
[PlyCount "68"]
[EventDate "1987.??.??"]

1. c4 Nf6 2. Nf3 g6 3. b4 Bg7 4. Bb2 O-O 5. e3 d6 6. d4 Nbd7 7. Be2 e5 8. Nc3
e4 9. Nd2 Re8 10. Qc2 Qe7 11. b5 Nf8 12. O-O Bf5 13. Rac1 h5 14. Qb3 Ne6 15. c5
dxc5 16. Ba3 Qd8 17. dxc5 Nf4 18. Bc4 Be6 19. Rcd1 Ng4 20. exf4 Qh4 21. h3 Nxf2
22. Rxf2 e3 23. Re2 exd2 24. Rdxd2 Qxf4 25. Ne4 Bxc4 26. Qxc4 Be5 27. g3 Qf3
28. Qb3 Bd4+ 29. Rxd4 Qxe2 30. Nf6+ Kh8 31. Nxe8 Qe1+ 32. Kg2 Rxe8 33. Rd1 Re2+
34. Kf3 Qf2# 0-1

[Event "BL 8687 Porz-Regensburg"]
[Site "?"]
[Date "1987.??.??"]
[Round "?.2"]
[White "Hort, V."]
[Black "Mandl, Ro"]
[Result "1-0"]
[WhiteElo "2545"]
[BlackElo "2285"]
[PlyCount "73"]
[EventDate "1987.??.??"]

1. d4 Nf6 2. c4 e6 3. Nc3 Bb4 4. e3 c5 5. Nge2 cxd4 6. exd4 d5 7. a3 Bxc3+ 8.
Nxc3 dxc4 9. Bxc4 Nc6 10. Be3 Ne7 11. Bg5 Nf5 12. Ne4 Bd7 13. O-O Rc8 14. Rc1
Rxc4 15. Rxc4 Bb5 16. Rc3 Bxf1 17. Kxf1 O-O 18. Bxf6 gxf6 19. d5 exd5 20. Qxd5
Qxd5 21. Nxf6+ Kg7 22. Nxd5 Rd8 23. Rd3 Rd6 24. Ke2 Rh6 25. h3 Re6+ 26. Kd2 Nd6
27. Ne3 Kf8 28. Rd4 Rf6 29. Kd3 Re6 30. Rh4 Kg7 31. Rh5 Kg6 32. g4 f6 33. f4
Re7 34. a4 b6 35. b4 Re8 36. Ng2 Re7 37. Nh4+ 1-0

[Event "BL 8687 Porz-Regensburg"]
[Site "?"]
[Date "1987.??.??"]
[Round "?.3"]
[White "Speckner, R."]
[Black "Heinbuch, D."]
[Result "1-0"]
[WhiteElo "2205"]
[BlackElo "2425"]
[PlyCount "81"]
[EventDate "1987.??.??"]

1. e4 c5 2. Nf3 Nc6 3. d4 cxd4 4. Nxd4 Nf6 5. Nc3 d6 6. Bg5 e6 7. Qd2 a6 8.
O-O-O Bd7 9. f3 Be7 10. Nxc6 Bxc6 11. Bd3 Qc7 12. Kb1 h6 13. Be3 Nd7 14. Rhe1
b5 15. Ne2 Nc5 16. Nd4 Nxd3 17. cxd3 Bb7 18. f4 Qd7 19. g4 Bf6 20. Nf3 Rc8 21.
Bf2 g6 22. h4 e5 23. f5 gxf5 24. gxf5 Qe7 25. Ka1 Rg8 26. Rc1 Rxc1+ 27. Rxc1
Rg2 28. Qe3 Qd7 29. Be1 Bd8 30. Qxh6 Qe7 31. Bb4 Kd7 32. Qe3 Rg3 33. Qf2 Rg4
34. Qa7 Ke8 35. Qb8 f6 36. Ba5 Rg7 37. a3 d5 38. Nd2 dxe4 39. Nxe4 Bxe4 40.
dxe4 Qd7 41. Bxd8 1-0

[Event "BL 8687 Kreuzberg-Solingen"]
[Site "?"]
[Date "1987.??.??"]
[Round "?.1"]
[White "Huebner, R."]
[Black "King, D."]
[Result "1/2-1/2"]
[WhiteElo "2620"]
[BlackElo "2460"]
[PlyCount "97"]
[EventDate "1987.??.??"]

1. e4 c6 2. d4 d5 3. Nc3 dxe4 4. Nxe4 Nf6 5. Nxf6+ exf6 6. Bc4 Qe7+ 7. Qe2 Be6
8. Bxe6 Qxe6 9. Nh3 Na6 10. Nf4 Qxe2+ 11. Kxe2 O-O-O 12. Rd1 Nc7 13. Kf1 Be7
14. Be3 b6 15. Rd3 h5 16. Rad1 h4 17. h3 f5 18. c4 Bf6 19. b3 g5 20. Ne2 Rd7
21. Bd2 Rhd8 22. Bc3 f4 23. d5 Bxc3 24. Nxc3 f5 25. Ke2 Re7+ 26. Kd2 cxd5 27.
Kc2 Red7 28. cxd5 Rd6 29. b4 b5 30. Kb3 a6 31. a4 Re8 32. axb5 axb5 33. Ra1 Kb7
34. Rdd1 Kb6 35. Ra5 g4 36. Rg1 Re5 37. Kc2 Rg6 38. Rd1 Rd6 39. f3 gxf3 40.
gxf3 Re3 41. Rd3 Rg6 42. Rxe3 fxe3 43. Kd3 f4 44. Ke4 Rg2 45. d6 Rc2 46. dxc7
Rxc3 47. Kxf4 Rxc7 48. Kxe3 Rc4 49. f4 1/2-1/2

[Event "BL 8687 Kreuzberg-Solingen"]
[Site "?"]
[Date "1987.??.??"]
[Round "?.3"]
[White "Spassky, B."]
[Black "Lehmann, K."]
[Result "1/2-1/2"]
[WhiteElo "2620"]
[BlackElo "2270"]
[PlyCount "47"]
[EventDate "1987.??.??"]

1. e4 c6 2. d4 d5 3. Nc3 dxe4 4. Nxe4 Nd7 5. Nf3 Ngf6 6. Nxf6+ Nxf6 7. h3 e6 8.
Bg5 Be7 9. Bd3 O-O 10. Qe2 Qc7 11. O-O-O b6 12. Ne5 Bb7 13. f4 Rad8 14. Rde1 c5
15. dxc5 Qxc5 16. a3 Qc7 17. Qf2 h6 18. Bh4 Nd5 19. Bxe7 Nxe7 20. g3 Nc6 21.
Ng4 Ne7 22. h4 Rd6 23. Ne5 Rfd8 24. Bf1 1/2-1/2

[Event "BL 8687 Kreuzberg-Solingen"]
[Site "?"]
[Date "1987.??.??"]
[Round "?.4"]
[White "Grzesik, F."]
[Black "Lobron, E."]
[Result "1/2-1/2"]
[WhiteElo "2250"]
[BlackElo "2515"]
[PlyCount "107"]
[EventDate "1987.??.??"]

1. e4 c5 2. c3 d5 3. exd5 Qxd5 4. d4 e6 5. Nf3 Nf6 6. Bd3 Be7 7. dxc5 Qxc5 8.
O-O O-O 9. Qe2 Nbd7 10. Nbd2 Rd8 11. Rd1 Qc7 12. Nb3 b6 13. Bg5 Bb7 14. Bh4
Bxf3 15. Qxf3 Ne5 16. Qe2 Nxd3 17. Rxd3 Rxd3 18. Qxd3 Rd8 19. Qf3 Qd7 20. Nd4
Nd5 21. Bxe7 Nxe7 22. Re1 h6 23. g3 b5 24. a3 g6 25. Re2 Qc7 26. Rd2 Nc6 27.
Nb3 Rxd2 28. Nxd2 Qd6 29. Qe2 Ne5 30. Nf3 Nd3 31. Qd2 Qd5 32. Ne1 Nxe1 33. Qxe1
a5 34. Qe2 a4 35. f3 g5 36. Kf2 Kg7 37. Qe3 f5 38. Qd4+ Qxd4+ 39. cxd4 Kf6 40.
Ke3 Ke7 41. h3 Kd6 42. f4 g4 43. hxg4 fxg4 44. Ke4 h5 45. Kd3 Ke7 46. Ke3 Kf7
47. Kd3 Kg6 48. Ke3 Kf6 49. Ke4 Kg6 50. Kd3 Kf5 51. Ke3 Kg6 52. Kd3 Kf7 53. Ke3
Ke7 54. Kd3 1/2-1/2

[Event "BL 8687 Kreuzberg-Solingen"]
[Site "?"]
[Date "1987.??.??"]
[Round "?.5"]
[White "Lau, R."]
[Black "Grzesik, T."]
[Result "1-0"]
[WhiteElo "2455"]
[BlackElo "2335"]
[PlyCount "69"]
[EventDate "1987.??.??"]

1. e4 e5 2. Nf3 Nc6 3. Bc4 Nf6 4. d3 h6 5. O-O d6 6. c3 g6 7. Re1 Bg7 8. Nbd2
O-O 9. Bb3 Qe7 10. Nf1 Bd7 11. Ng3 Nh7 12. h3 Ng5 13. Nxg5 hxg5 14. Be3 Nd8 15.
Qd2 Bf6 16. d4 Ne6 17. dxe5 dxe5 18. Rad1 Rfd8 19. Qd5 Bc6 20. Qc4 a6 21. Ba4
Bxa4 22. Qxa4 Kg7 23. Nf1 c6 24. Bb6 Rh8 25. Ne3 Rh4 26. Ng4 Rah8 27. Qc4 Nf4
28. Rd2 Qe8 29. Red1 Qc8 30. Rd7 Nd5 31. R1xd5 cxd5 32. Qxd5 Qe8 33. Nxf6 Kxf6
34. Bd8+ Kg7 35. Re7 1-0

[Event "BL 8687 Kreuzberg-Solingen"]
[Site "?"]
[Date "1987.??.??"]
[Round "?.6"]
[White "Konieczka, F."]
[Black "Ostermeyer, P."]
[Result "0-1"]
[WhiteElo "2240"]
[BlackElo "2455"]
[PlyCount "62"]
[EventDate "1987.??.??"]

1. e4 c5 2. Nf3 d6 3. c3 Nf6 4. Bb5+ Bd7 5. Qe2 Bxb5 6. Qxb5+ Qd7 7. Qe2 Nc6 8.
O-O e6 9. d4 cxd4 10. cxd4 d5 11. e5 Ne4 12. Nbd2 Nxd2 13. Bxd2 Be7 14. Rfc1
O-O 15. Qd3 f6 16. exf6 Rxf6 17. Rc2 Raf8 18. Rac1 Qe8 19. Qe3 Bd6 20. Ne5 Bxe5
21. dxe5 Rxf2 22. Qxf2 Rxf2 23. Kxf2 Qh5 24. Kg1 Qxe5 25. Re1 Qf5 26. Rc3 h6
27. Rb3 Qc2 28. Bc1 Nd4 29. Rbe3 Qc5 30. Kh1 Nc2 31. Rc3 Qxc3 0-1

[Event "BL 8687 Kreuzberg-Solingen"]
[Site "?"]
[Date "1987.??.??"]
[Round "?.7"]
[White "Brunner, L."]
[Black "Glienke, M."]
[Result "1-0"]
[WhiteElo "2395"]
[BlackElo "2300"]
[PlyCount "83"]
[EventDate "1987.??.??"]

1. Nf3 d5 2. d4 Nf6 3. c4 e6 4. Nc3 Be7 5. Bg5 O-O 6. e3 Nbd7 7. Qc2 h6 8. Bh4
c5 9. cxd5 Nxd5 10. Bxe7 Nxe7 11. Be2 Nc6 12. Rd1 Qe7 13. O-O Nf6 14. Ne5 cxd4
15. Nxc6 bxc6 16. Rxd4 c5 17. Rd2 Bb7 18. Rfd1 Rac8 19. Qa4 Bc6 20. Qa5 Rb8 21.
b3 Qb7 22. Bf1 Qb4 23. Qa6 Rfc8 24. Rc2 Qb6 25. Na4 Qxa6 26. Bxa6 Rd8 27. Rxd8+
Rxd8 28. Nc3 Ne4 29. h4 Nxc3 30. Rxc3 Rd1+ 31. Kh2 Rd2 32. Rxc5 Bd5 33. Rc8+
Kh7 34. Rc2 Rd1 35. Be2 Ra1 36. Bd3+ f5 37. Bc4 Be4 38. Rd2 e5 39. f3 Bc6 40.
Rd6 Be8 41. Rd8 Bh5 42. Bg8+ 1-0

[Event "BL 8687 Lasker-Bochum"]
[Site "?"]
[Date "1987.??.??"]
[Round "?.2"]
[White "Wockenfuss, K."]
[Black "Thesing, M."]
[Result "1/2-1/2"]
[WhiteElo "2350"]
[BlackElo "2290"]
[PlyCount "21"]
[EventDate "1987.??.??"]

1. g3 g6 2. Bg2 Bg7 3. e4 c5 4. Ne2 Nc6 5. O-O d6 6. d3 e5 7. Nbc3 Nge7 8. Nd5
Nxd5 9. exd5 Ne7 10. c3 O-O 11. a4 1/2-1/2

[Event "BL 8687 Lasker-Bochum"]
[Site "?"]
[Date "1987.??.??"]
[Round "?.3"]
[White "Sonntag, H."]
[Black "Berg, K."]
[Result "1-0"]
[WhiteElo "2295"]
[BlackElo "2355"]
[PlyCount "77"]
[EventDate "1987.??.??"]

1. d4 Nf6 2. c4 c5 3. d5 b5 4. a4 bxc4 5. Nc3 d6 6. e4 Ba6 7. Nf3 Nbd7 8. Be2
g6 9. O-O Bg7 10. Nd2 Ne5 11. f4 Nd3 12. Nxc4 Bxc4 13. Bxd3 Bxd3 14. Qxd3 O-O
15. Kh1 Rb8 16. Rb1 Qa5 17. b3 c4 18. bxc4 Rxb1 19. Nxb1 Nd7 20. Be3 Qxa4 21.
Bd4 Bxd4 22. Qxd4 Rb8 23. Nd2 Nc5 24. e5 Qc2 25. exd6 exd6 26. f5 gxf5 27. Qf4
Rb2 28. Qg3+ Kh8 29. Qxd6 Kg7 30. Qg3+ Kf8 31. Qd6+ Kg7 32. Qe5+ Kf8 33. d6 Kg8
34. Rxf5 Ne6 35. Rf3 h6 36. h4 Qxd2 37. Rg3+ Ng5 38. hxg5 h5 39. g6 1-0

[Event "BL 8687 Lasker-Bochum"]
[Site "?"]
[Date "1987.??.??"]
[Round "?.4"]
[White "Muse, M."]
[Black "Beckemeyer, W."]
[Result "0-1"]
[WhiteElo "2425"]
[BlackElo "2315"]
[PlyCount "90"]
[EventDate "1987.??.??"]

1. d4 Nf6 2. Nf3 g6 3. Bg5 Bg7 4. Nbd2 d6 5. e4 h6 6. Bh4 g5 7. Bg3 Nh5 8. c3
c5 9. dxc5 Nxg3 10. hxg3 dxc5 11. Bc4 Nc6 12. Nxg5 hxg5 13. Rxh8+ Bxh8 14. Qh5
Kd7 15. O-O-O Kc7 16. Nf3 Qf8 17. Bxf7 g4 18. Ng5 Ne5 19. Rd5 Kb6 20. Be8 e6
21. Rd2 c4 22. f4 gxf3 23. gxf3 Nd3+ 24. Kc2 Be5 25. f4 Bd6 26. Nh7 Qe7 27.
Qb5+ Kc7 28. Qxc4+ Nc5 29. Bg6 Qg7 30. Rxd6 Kxd6 31. e5+ Kd7 32. Qd4+ Kc6 33.
Qd6+ Kb5 34. Bd3+ Nxd3 35. a4+ Ka5 36. Qxd3 Qd7 37. b4+ Kxa4 38. Nf6 Qxd3+ 39.
Kxd3 Bd7 40. f5 Bb5+ 41. c4 Be8 42. fxe6 Kxb4 43. Kd4 a5 44. Nd5+ Kb3 45. Nb6
Rb8 0-1

[Event "BL 8687 Lasker-Bochum"]
[Site "?"]
[Date "1987.??.??"]
[Round "?.5"]
[White "Backwinkel, P."]
[Black "Cladouras, P."]
[Result "1/2-1/2"]
[WhiteElo "2345"]
[BlackElo "2325"]
[PlyCount "101"]
[EventDate "1987.??.??"]

1. d4 Nf6 2. c3 e6 3. Bg5 c5 4. e3 b6 5. Nd2 Bb7 6. Ngf3 Be7 7. Bd3 d6 8. dxc5
bxc5 9. e4 Nbd7 10. O-O O-O 11. Re1 Bc6 12. Qc2 h6 13. Bh4 Rb8 14. Rad1 Ng4 15.
Bxe7 Qxe7 16. Nc4 Nge5 17. Nfxe5 Nxe5 18. Nxe5 dxe5 19. Bc4 Rfd8 20. f3 Qg5 21.
Qf2 Qe7 22. b3 a5 23. a4 Kh7 24. Qe2 Qg5 25. g3 g6 26. Kf2 Kg7 27. Rxd8 Rxd8
28. Rd1 Rxd1 29. Qxd1 Qe7 30. Qd3 f5 31. Bb5 Bb7 32. Ke2 Kf6 33. Ke3 g5 34. g4
Qc7 35. Qd7 Qxd7 36. Bxd7 fxe4 37. fxe4 Ke7 38. Bb5 Kd6 39. Bd3 Bc6 40. Kd2 Kc7
41. Kc2 Kd6 42. Kb2 Kc7 43. Ka3 Kb6 44. b4 Bb7 45. Kb3 Bc8 46. bxa5+ Kxa5 47.
Bb5 Bb7 48. Bd7 Ba6 49. Bxe6 Bd3 50. Bd5 Kb6 51. Ka3 1/2-1/2

[Event "BL 8687 Lasker-Bochum"]
[Site "?"]
[Date "1987.??.??"]
[Round "?.7"]
[White "Roeder, M."]
[Black "Schacht, H."]
[Result "0-1"]
[WhiteElo "2280"]
[BlackElo "2280"]
[PlyCount "70"]
[EventDate "1987.??.??"]

1. d4 Nf6 2. c4 c5 3. d5 d6 4. Nc3 g6 5. e4 Bg7 6. Bd3 O-O 7. Nge2 e6 8. O-O
exd5 9. exd5 Ng4 10. Ng3 Be5 11. h3 Nxf2 12. Kxf2 Qh4 13. Qf3 f5 14. Nce2 f4
15. Kg1 g5 16. Qh5 Qxh5 17. Nxh5 Bd7 18. Bd2 Be8 19. g4 Nd7 20. Nc3 Bd4+ 21.
Kg2 Ne5 22. Be2 Bg6 23. b3 Rae8 24. Rae1 a6 25. Bf3 Bd3 26. Ne4 Nxf3 27. Kxf3
Rxe4 28. Rxe4 Bxf1 29. Re1 Bd3 30. h4 h6 31. Re6 Bc2 32. Rxh6 Bd1+ 33. Ke4 f3
34. Rg6+ Kh7 35. Rxg5 Bc2# 0-1

[Event "BL 8687 Solingen-Lasker"]
[Site "?"]
[Date "1987.??.??"]
[Round "?.1"]
[White "Schussler, H."]
[Black "Huebner, R."]
[Result "1/2-1/2"]
[WhiteElo "2495"]
[BlackElo "2620"]
[PlyCount "78"]
[EventDate "1987.??.??"]

1. d4 d5 2. c4 dxc4 3. Nf3 Nf6 4. Qa4+ Nbd7 5. g3 a6 6. Qxc4 e6 7. Bg2 b5 8.
Qc6 Rb8 9. O-O Bb7 10. Qc2 c5 11. Nbd2 Rc8 12. dxc5 Nxc5 13. Nb3 Na4 14. Qd1
Bd5 15. Ne5 Be7 16. Nd3 O-O 17. Be3 Bxg2 18. Kxg2 Qd5+ 19. f3 e5 20. Nd2 e4 21.
Nxe4 Nxe4 22. fxe4 Qxe4+ 23. Rf3 Bf6 24. Rb1 Bxb2 25. Rxb2 Nxb2 26. Nxb2 Rc2
27. Nd3 Rxa2 28. Kf2 Re8 29. Nc5 Qg4 30. Qd5 Qc4 31. Qxc4 bxc4 32. Rf4 c3 33.
Rc4 c2 34. Nd3 a5 35. Nc1 Rb2 36. Nd3 Rb5 37. Rxc2 a4 38. Bc5 Rc8 39. Ra2 Rcxc5
1/2-1/2

[Event "BL 8687 Solingen-Lasker"]
[Site "?"]
[Date "1987.??.??"]
[Round "?.2"]
[White "Short, N."]
[Black "Wockenfuss, K."]
[Result "1/2-1/2"]
[WhiteElo "2615"]
[BlackElo "2350"]
[PlyCount "28"]
[EventDate "1987.??.??"]

1. e4 Nc6 2. d4 d5 3. exd5 Qxd5 4. Nf3 Bg4 5. c4 Qa5+ 6. Nc3 O-O-O 7. d5 e6 8.
Bd2 exd5 9. Nxd5 Bb4 10. Be2 Bxf3 11. Bxf3 Bxd2+ 12. Qxd2 Qxd2+ 13. Kxd2 Ne5
14. Kc3 c6 1/2-1/2

[Event "BL 8687 Solingen-Lasker"]
[Site "?"]
[Date "1987.??.??"]
[Round "?.3"]
[White "Berg, K."]
[Black "Spassky, B."]
[Result "1/2-1/2"]
[WhiteElo "2355"]
[BlackElo "2620"]
[PlyCount "80"]
[EventDate "1987.??.??"]

1. e4 e5 2. Nc3 Nf6 3. f4 d5 4. fxe5 Nxe4 5. Nf3 Nc6 6. Qe2 Bf5 7. Qb5 a6 8.
Qxd5 Nb4 9. Qxd8+ Rxd8 10. Bd3 Nxd3+ 11. cxd3 Rxd3 12. Nh4 Nxc3 13. Nxf5 Nb5
14. b3 g6 15. Ne3 Bg7 16. Bb2 O-O 17. O-O-O Rfd8 18. Rhe1 Bh6 19. Nc4 Nc3 20.
Bxc3 Rxc3+ 21. Kb1 Rcd3 22. e6 fxe6 23. Rxe6 b5 24. Ne5 Rxd2 25. Rxd2 Rxd2 26.
Rxa6 Rxg2 27. Ra8+ Kg7 28. Rc8 Bf4 29. Rxc7+ Kf6 30. Nd7+ Ke7 31. Rb7 Rxh2 32.
Nc5+ Kd6 33. Rxb5 h5 34. a4 h4 35. Ne4+ Ke6 36. a5 h3 37. a6 Rg2 38. a7 h2 39.
Nf2 Rxf2 40. a8=Q Rf1+ 1/2-1/2

[Event "BL 8687 Solingen-Lasker"]
[Site "?"]
[Date "1987.??.??"]
[Round "?.4"]
[White "Lobron, E."]
[Black "Muse, M."]
[Result "0-1"]
[WhiteElo "2515"]
[BlackElo "2425"]
[PlyCount "128"]
[EventDate "1987.??.??"]

1. e4 c5 2. Nf3 Nc6 3. Nc3 Nf6 4. Bb5 d6 5. e5 Ng4 6. exd6 Qxd6 7. Ne4 Qd5 8.
d3 Nf6 9. c4 Qe6 10. O-O Nxe4 11. Re1 Qd6 12. Rxe4 Bf5 13. Bf4 Qd8 14. Bxc6+
bxc6 15. Re3 e6 16. Be5 f6 17. Bc3 Kf7 18. Nh4 Bg6 19. Qg4 Qd7 20. Rg3 Bd6 21.
f4 Kf8 22. Re1 Re8 23. Ree3 Qf7 24. Qf3 Bh5 25. Qf2 Qc7 26. Re4 Kf7 27. Nf3
Rhf8 28. Nh4 Re7 29. h3 g5 30. Bxf6 gxh4 31. Bxh4 Bg6 32. Bxe7 Bxe7 33. Qe2 Qd6
34. Ree3 Bf6 35. Kh1 Bd4 36. Ref3 Bh5 37. Qe4 Bxf3 38. Qxh7+ Ke8 39. Rxf3 Rxf4
40. Qg8+ Kd7 41. Qh7+ Kc8 42. Qg8+ Kb7 43. Qg3 Be5 44. Rxf4 Bxf4 45. Qf3 Qe5
46. Qf2 Bg3 47. Qd2 Qd4 48. Qe2 Qf4 49. Qd1 Qf2 50. Qb3+ Kc7 51. Qd1 Kd6 52.
Qb1 a5 53. b3 Qe2 54. Kg1 Bf2+ 55. Kh2 Bd4 56. a3 Bb2 57. a4 Bd4 58. Qc1 Qxd3
59. Qg5 Qf5 60. Qd8+ Ke5 61. h4 Ke4 62. Qxa5 Qf4+ 63. g3 Qf2+ 64. Kh3 Kf3 0-1

[Event "BL 8687 Solingen-Lasker"]
[Site "?"]
[Date "1987.??.??"]
[Round "?.5"]
[White "Cladouras, P."]
[Black "Lau, R."]
[Result "1/2-1/2"]
[WhiteElo "2325"]
[BlackElo "2455"]
[PlyCount "41"]
[EventDate "1987.??.??"]

1. e4 e6 2. d4 d5 3. Nc3 Nc6 4. Bb5 dxe4 5. Nge2 Be7 6. Nxe4 Nf6 7. Nxf6+ Bxf6
8. O-O O-O 9. c3 Bd7 10. Ng3 e5 11. dxe5 Nxe5 12. Bxd7 Qxd7 13. Qxd7 Nxd7 14.
Ne4 Be7 15. Rd1 Nc5 16. Nxc5 Bxc5 17. Bf4 Bb6 18. Rd7 Rfd8 19. Rad1 Rxd7 20.
Rxd7 Kf8 21. Kf1 1/2-1/2

[Event "BL 8687 Solingen-Lasker"]
[Site "?"]
[Date "1987.??.??"]
[Round "?.6"]
[White "Brunner, L."]
[Black "Paulsen, D."]
[Result "1/2-1/2"]
[WhiteElo "2395"]
[BlackElo "2345"]
[PlyCount "50"]
[EventDate "1987.??.??"]

1. Nf3 d6 2. d4 Bg4 3. e4 g6 4. Bc4 e6 5. h3 Bxf3 6. Qxf3 Bg7 7. c3 Nd7 8. O-O
Ne7 9. Bg5 h6 10. Bh4 O-O 11. Qe2 e5 12. dxe5 Nxe5 13. Bb3 g5 14. Bg3 N7g6 15.
Nd2 Nf4 16. Bxf4 gxf4 17. Nf3 Kh8 18. Rad1 Qe7 19. Rfe1 Rg8 20. Kh1 Bf6 21. Rd2
Rg6 22. Nxe5 Bxe5 23. Qf3 Rag8 24. Rg1 R8g7 25. Bd1 Qh4 1/2-1/2

[Event "BL 8687 Solingen-Lasker"]
[Site "?"]
[Date "1987.??.??"]
[Round "?.7"]
[White "Schacht, H."]
[Black "Dueball, J."]
[Result "1/2-1/2"]
[WhiteElo "2280"]
[BlackElo "2445"]
[PlyCount "54"]
[EventDate "1987.??.??"]

1. d4 Nf6 2. c4 g6 3. Nc3 Bg7 4. e4 d6 5. Nf3 O-O 6. Be2 e5 7. O-O Nbd7 8. Qc2
a5 9. Rd1 Re8 10. d5 Nc5 11. Ne1 Ng4 12. f3 Nh6 13. Nd3 b6 14. Bd2 f5 15. Nxc5
bxc5 16. a3 Nf7 17. b4 axb4 18. axb4 Rxa1 19. Rxa1 cxb4 20. Nb5 Bh6 21. Bxh6
Nxh6 22. Qd2 Nf7 23. Ra8 c6 24. dxc6 Qb6+ 25. Kh1 Qxc6 26. Ra7 fxe4 27. Rxf7
Kxf7 1/2-1/2

[Event "BL 8687 Bochum-Kreuzberg"]
[Site "?"]
[Date "1987.??.??"]
[Round "?.2"]
[White "Thesing, M."]
[Black "Conquest, S."]
[Result "1/2-1/2"]
[WhiteElo "2290"]
[BlackElo "2430"]
[PlyCount "107"]
[EventDate "1987.??.??"]

1. e4 c5 2. Nf3 d6 3. d4 cxd4 4. Nxd4 Nf6 5. Nc3 Nc6 6. Be3 e5 7. Nf3 Be7 8.
Bc4 O-O 9. O-O Na5 10. Bb3 h6 11. Qd3 Nxb3 12. axb3 b6 13. Nd2 Bb7 14. Rfd1 Qd7
15. Nf1 Rfd8 16. f3 Qc8 17. Qc4 Qe6 18. Qxe6 fxe6 19. Nb5 d5 20. exd5 exd5 21.
Nxa7 d4 22. Bf2 Nd5 23. Nb5 Ba6 24. Na3 Rac8 25. Ng3 Nb4 26. c4 dxc3 27. Rxd8+
Bxd8 28. bxc3 Rxc3 29. Be1 Rxb3 30. Bxb4 Rxb4 31. Nc2 Rb2 32. Ne3 Bg5 33. Nd1
Rd2 34. Ne4 Rd7 35. Nxg5 hxg5 36. Rxa6 Rxd1+ 37. Kf2 Rd2+ 38. Ke3 Rxg2 39. Rxb6
Rxh2 40. Re6 Kf7 41. Rxe5 Kf6 42. Ra5 Kg6 43. Rb5 Ra2 44. Rc5 Rg2 45. Rb5 Kh5
46. f4 Kh4 47. fxg5 Rxg5 48. Rb1 Rg3+ 49. Kf2 g5 50. Rh1+ Rh3 51. Ra1 g4 52.
Kg1 Rb3 53. Rc1 Rb2 54. Ra1 1/2-1/2

[Event "BL 8687 Bochum-Kreuzberg"]
[Site "?"]
[Date "1987.??.??"]
[Round "?.3"]
[White "Lehmann, K."]
[Black "Sonntag, H."]
[Result "1/2-1/2"]
[WhiteElo "2270"]
[BlackElo "2295"]
[PlyCount "23"]
[EventDate "1987.??.??"]

1. e4 e5 2. Nf3 Nc6 3. Bb5 a6 4. Bxc6 dxc6 5. O-O f6 6. d4 Bg4 7. dxe5 Qxd1 8.
Rxd1 fxe5 9. Rd3 Bxf3 10. Rxf3 Nf6 11. Nc3 Bb4 12. Bg5 1/2-1/2

[Event "BL 8687 Bochum-Kreuzberg"]
[Site "?"]
[Date "1987.??.??"]
[Round "?.4"]
[White "Beckemeyer, W."]
[Black "Grzesik, F."]
[Result "1/2-1/2"]
[WhiteElo "2315"]
[BlackElo "2250"]
[PlyCount "23"]
[EventDate "1987.??.??"]

1. e4 Nf6 2. e5 Nd5 3. d4 d6 4. Be2 g6 5. Nf3 Bg7 6. c4 Nb6 7. O-O O-O 8. Be3
Nc6 9. exd6 cxd6 10. Nc3 Bg4 11. b3 d5 12. c5 1/2-1/2

[Event "BL 8687 Bochum-Kreuzberg"]
[Site "?"]
[Date "1987.??.??"]
[Round "?.5"]
[White "Grzesik, T."]
[Black "Backwinkel, P."]
[Result "0-1"]
[WhiteElo "2335"]
[BlackElo "2345"]
[PlyCount "78"]
[EventDate "1987.??.??"]

1. e4 c5 2. Nf3 e6 3. b3 b6 4. d4 cxd4 5. Nxd4 Bb7 6. Bd3 Nf6 7. Qe2 d6 8. c4
Nbd7 9. Nc3 a6 10. Bb2 g6 11. Rd1 Bg7 12. Bb1 O-O 13. Nf3 Qb8 14. O-O Re8 15.
Qd2 Bf8 16. Rfe1 Ra7 17. Ba3 Nc5 18. Qg5 Nh5 19. h3 Ba8 20. Nh2 h6 21. Qd2 b5
22. cxb5 axb5 23. Bb4 Rc8 24. Bd3 Bc6 25. Bf1 Be8 26. e5 dxe5 27. Qe3 Nf6 28.
Ng4 Nxg4 29. hxg4 f6 30. Rc1 Rac7 31. Rcd1 Kg7 32. Ne4 Nxe4 33. Bxf8+ Kxf8 34.
Qxh6+ Kg8 35. Rxe4 Rh7 36. Qe3 Bc6 37. Rb4 Qa8 38. Qd3 Kg7 39. a4 Rch8 0-1

[Event "BL 8687 Bochum-Kreuzberg"]
[Site "?"]
[Date "1987.??.??"]
[Round "?.6"]
[White "Wiemer, R."]
[Black "Konieczka, F."]
[Result "0-1"]
[WhiteElo "2325"]
[BlackElo "2240"]
[PlyCount "94"]
[EventDate "1987.??.??"]

1. d4 d5 2. Nf3 Bf5 3. Bf4 e6 4. e3 Nd7 5. Bd3 Bg6 6. O-O Ngf6 7. Re1 Be7 8. h3
c5 9. c3 Qb6 10. Bxg6 hxg6 11. Qb3 Ne4 12. Nbd2 g5 13. Bh2 Ndf6 14. Qa4+ Qc6
15. Qxc6+ bxc6 16. Nxe4 Nxe4 17. Ne5 Rc8 18. Rac1 O-O 19. f3 Nf6 20. Nd3 Nd7
21. b4 c4 22. Nc5 Bxc5 23. bxc5 e5 24. Bxe5 Nxe5 25. dxe5 Rb8 26. Rb1 Rfc8 27.
a4 Rb3 28. Rxb3 cxb3 29. Rb1 Rb8 30. Rb2 f5 31. exf6 gxf6 32. Kf2 Kf7 33. f4
Ke6 34. Kf3 d4 35. cxd4 Kd5 36. fxg5 fxg5 37. Ke2 Kc4 38. Kd2 Rf8 39. e4 Rf2+
40. Kc1 Rf1+ 41. Kd2 Ra1 42. d5 Ra2 43. Kc1 Kc3 44. Rxb3+ Kxb3 45. d6 Kc3 46.
Kd1 Rxa4 47. e5 Re4 0-1

[Event "BL 8687 Bochum-Kreuzberg"]
[Site "?"]
[Date "1987.??.??"]
[Round "?.7"]
[White "Glienke, M."]
[Black "Roeder, M."]
[Result "1/2-1/2"]
[WhiteElo "2300"]
[BlackElo "2280"]
[PlyCount "111"]
[EventDate "1987.??.??"]

1. d4 Nf6 2. Nf3 b6 3. e3 Bb7 4. Be2 c5 5. O-O cxd4 6. exd4 e6 7. Nbd2 Be7 8.
a4 a6 9. Re1 O-O 10. Nf1 d6 11. Ng3 Nbd7 12. Bd3 Rc8 13. Qe2 Rc7 14. Nf5 Nd5
15. Nxe7+ Qxe7 16. c3 Ra8 17. Bd2 N5f6 18. h3 h6 19. Bf4 Nd5 20. Bg3 N7f6 21.
Nd2 Qd8 22. Ra3 Rd7 23. f4 Ne7 24. Nf1 Nf5 25. Bxf5 exf5 26. Bh4 g5 27. fxg5
Ne4 28. Qh5 hxg5 29. Bf2 Qf6 30. Ne3 Re7 31. h4 f4 32. Ng4 Qg6 33. Qxg6+ fxg6
34. hxg5 Rae8 35. Raa1 Kf8 36. c4 Nxg5 37. d5 Rxe1+ 38. Rxe1 Rxe1+ 39. Bxe1 Ne4
40. b4 b5 41. cxb5 axb5 42. a5 Bxd5 43. Nh2 Ng5 44. Bh4 Ne6 45. Nf3 Bxf3 46.
gxf3 Ke8 47. Bf6 Kd7 48. Kf2 Kc6 49. Ke2 d5 50. Kd3 Kb7 51. Kc3 Ka6 52. Kd3 Kb7
53. Kc3 Kc7 54. Kd3 Kc6 55. Kc3 Kb7 56. Kd3 1/2-1/2